LEADER 00942nam a22002413i 4500 001 991001051119707536 005 20040212162913.0 008 040318s1981 it |||||||||||||||||ita 035 $ab12710659-39ule_inst 035 $aARCHE-069491$9ExL 040 $aDip.to Filosofia$bita$cA.t.i. Arché s.c.r.l. Pandora Sicilia s.r.l. 082 04$a344 100 1 $aRicciotti, Romano$0226231 245 14$aGli stupefacenti :$brepertorio ragionato di legislazione, dottrina, giurisprudenza, con appendice di notizie utili /$cRomano Ricciotti 260 $aPadova :$bCEDAM,$c1981 300 $aVI, 255 p. ;$c24 cm 650 4$aStupefacenti$xDiritto 907 $a.b12710659$b02-04-14$c31-03-04 912 $a991001051119707536 945 $aLE005 DIR I A 21$g1$i2005000151644$lle005$o-$pE0.00$q-$rl$s- $t0$u0$v0$w0$x0$y.i13233993$z31-03-04 996 $aStupefacenti$9269808 997 $aUNISALENTO 998 $ale005$b31-03-04$cm$da $e-$fita$git $h4$i1 LEADER 03268nam 2200673Ia 450 001 9910783349303321 005 20231003183824.0 010 $a1-55092-331-5 035 $a(CKB)1000000000031669 035 $a(EBL)256420 035 $a(OCoLC)85024987 035 $a(SSID)ssj0000285417 035 $a(PQKBManifestationID)11207763 035 $a(PQKBTitleCode)TC0000285417 035 $a(PQKBWorkID)10279077 035 $a(PQKB)10230826 035 $a(CaPaEBR)404481 035 $a(CaBNvSL)gtp00521043 035 $a(Au-PeEL)EBL256420 035 $a(CaPaEBR)ebr10085526 035 $a(OCoLC)935230870 035 $a(VaAlCD)20.500.12592/10b6m0 035 $a(schport)gibson_crkn/2009-12-01/3/404481 035 $a(MiAaPQ)EBC256420 035 $a(MiAaPQ)EBC3241577 035 $a(EXLCZ)991000000000031669 100 $a20020716h20022002 uy 0 101 0 $aeng 135 $aur|n|---||||| 181 $ctxt$2rdacontent 182 $cc$2rdamedia 183 $acr$2rdacarrier 200 10$aWebs of power $enotes from the global uprising /$fStarhawk 210 1$aGabriola Island, B.C. :$cNew Society Publishers,$d2002. 210 4$a©2002 215 $a1 online resource (289 pages) 311 0 $a0-86571-456-8 320 $aIncludes bibliographical references (p. 269-270) and index. 327 $aCover; Advance Praise; Title Page; Rights Page; Contents; Acknowledgments; Introduction; Alphabet Soup; Seattle; A16; Prague; Brazil; Quebec City; Genoa; Washington, D.C., and 9-11; Our Place in Nature; The Practice of Direct Democracy; Building a Diverse Movement; Cultural Appropriation; ""Many Roads to Morning""; What We Want; Spirit and Action; Endnotes; Bibliography; Index; About the Author 330 $a"Since her arrest and five-day jail stay during the Seattle anti-WTO protests in November 1999, Starhawk has poured her energy into the global justice movement, participating in direct actions, leading nonviolence training workshops, and writing, always writing. Webs of Power is the outcome: an account from the front lines of that movement as it migrated from Seattle to Prague, then Brazil, Quebec City, and Genoa. As well as reporting the actions on the street, it includes a privileged glimpse behind the scenes, too, at the fierce discussion of the issues, strategies, and tactics of an always-evolving social movement. The book is also a personal vision of what an alternative future might look and feel like beyond the version offered up to us by the promoters of corporate globalization. Webs of Power is a unique contribution to our understanding of one of the most pivotal struggles of our time."--Jacket 606 $aGlobalization$xSocial aspects 606 $aProtest movements 606 $aDemonstrations 606 $aInternational economic relations 615 0$aGlobalization$xSocial aspects. 615 0$aProtest movements. 615 0$aDemonstrations. 615 0$aInternational economic relations. 676 $a303.48/2 676 $a303.482 676 $a303.61 700 $aStarhawk$01481997 801 0$bMiAaPQ 801 1$bMiAaPQ 801 2$bMiAaPQ 906 $aBOOK 912 $a9910783349303321 996 $aWebs of power$93699308 997 $aUNINA